000 00968nam a22002177a 4500
003 OSt
005 20251006162735.0
008 240405b ||||| |||| 00| 0 eng d
040 _c0
082 _aDPer 621.381 Ie21 October 2022 v. 37 n. 10
100 _aMoreno, Gilberto.
_eauthor.
_956184
245 _aSingle-phase dielectric fluid thermal management for power-dense automotive power electronics /
_cGilberto Moreno, Sreekant Narumanchi, Jeff Tomerlin, and Joshua Major.
260 _aNew York ;
_bThe Institute of Electrical and Electronics Engineers, Inc. ,
_cOctober 2022.
300 _aVolume 37, pages 12474-12485 :
_billustration ;
_c28 cm
500 _aIEEE Transactions on Power Electronics, v. 37, n. 10, pages 12474-12485, October 2022.
700 _aMoreno, Gilberto.
_eauthor.
_956184
700 _aNarumanchi, Sreekant.
_eauthor.
_956185
700 _aTomerlin, Jeff.
_eauthor.
_956186
700 _aMajor, Joshua.
_eauthor.
_956187
942 _2ddc
_cPER
999 _c20049
_d20049